[Event "Porto Alegre IRT U2200 2nd"]
[Site "Porto Alegre"]
[Date "2016.09.03"]
[Round "1.9"]
[White "Lopes da Luz, Paulo"]
[Black "Sachs Beylouni, Flavio"]
[Result "1-0"]
[WhiteElo "1767"]
[BlackElo "1800"]
[PlyCount "71"]
[EventDate "2016.09.03"]
[EventType "swiss"]
[EventRounds "5"]
[EventCountry "BRA"]
[SourceTitle "EXT 2022"]
[Source "ChessBase"]
[SourceDate "2021.10.06"]
[SourceVersion "1"]
[SourceVersionDate "2021.10.06"]
[SourceQuality "1"]

1. e4 e5 2. Nf3 Nc6 3. Bb5 Nge7 4. d4 exd4 5. Nxd4 Nxd4 6. Qxd4 c6 7. Be2 a5 8. Nc3 b5 9. Bg5 a4 10. a3 f6 11. Bxf6 gxf6 12. Qxf6 Ng6 13. Qd4 Ba6 14. Bh5 Rg8 15. 0-0-0 Bg7 16. e5 Qg5+ 17. f4 Qxh5 18. Qxd7+ Kf8 19. g4 Qh3 20. Qf5+ Ke8 21. Qd7+ Kf8 22. Qxc6 Qe3+ 23. Kb1 Qa7 24. Rd7 Qb8 25. Rhd1 Qe8 26. Ne4 Ne7 27. Qd6 Bxe5 28. fxe5 Rg6 29. Rf1+ Kg8 30. Nf6+ Rxf6 31. Rxf6 Ng6 32. Qc7 Nf8 33. Rg7+ Kh8 34. Rff7 Qxf7 35. Qxf7 Rc8 36. Rg8# 1-0

[Event "Porto Alegre IRT U2200 2nd"]
[Site "Porto Alegre"]
[Date "2016.09.03"]
[Round "2.12"]
[White "Sachs Beylouni, Flavio"]
[Black "De Mello, Joao Luiz"]
[Result "0-1"]
[WhiteElo "1800"]
[BlackElo "1644"]
[PlyCount "62"]
[EventDate "2016.09.03"]
[EventType "swiss"]
[EventRounds "5"]
[EventCountry "BRA"]
[SourceTitle "EXT 2022"]
[Source "ChessBase"]
[SourceDate "2021.10.06"]
[SourceVersion "1"]
[SourceVersionDate "2021.10.06"]
[SourceQuality "1"]

1. g4 e5 2. c3 d5 3. Bg2 Bxg4 4. Qb3 Bc8 5. Bxd5 Nh6 6. d4 c6 7. Bxh6 Qxd5 8. Qxd5 cxd5 9. Be3 e4 10. f3 f5 11. Nh3 Bd6 12. Na3 a6 13. Ng5 f4 14. Bd2 e3 15. Bc1 h6 16. Rg1 hxg5 17. Rg2 Bf5 18. c4 Bxa3 19. bxa3 dxc4 20. Rxg5 Rxh2 21. Kf1 g6 22. Bb2 Nd7 23. Kg1 Rxe2 24. Rc1 Rxb2 25. Rxc4 Rb1+ 26. Kh2 e2 27. Rb4 Rxb4 28. axb4 e1Q 29. Rg2 0-0-0 30. Rg1 Qf2+ 31. Rg2 Rh8# 0-1